| 000 | 00518nam a2200121Ia 4500 | ||
|---|---|---|---|
| 008 | 171212s9999 xx 000 0 und d | ||
| 020 | _a9780833049711 | ||
| 100 | _aRamchand, Rajeev;Acosta, Joie;Burns, Rachel M.;Jaycox, Lisa H.;Pernin, Christopher G. | ||
| 245 |
_cRamchand, Rajeev;Acosta, Joie;Burns, Rachel M.;Jaycox, Lisa H.;Pernin, Christopher G. _aThe War Within _bPreventing Suicide in the U.S. Military |
||
| 260 |
_bRAND Corporation _c2011 |
||
| 650 | _aHistory | ||
| 856 | _uwww.jstor.org/stable/10.7249/mg953osd | ||
| 999 |
_c352738 _d352738 |
||